000
00250nam a22001097a 4500
999
_c
533568
_d
533568
040
_c
dlc
082
_a
956.70443
100
_a
Richard N. Haass
_9
27514
245
_a
War of Necessity: A Memoir of two.........\
300
_a
336p
942
_2
ddc
_c
BK